|
|
|
|
| LEADER |
01963nam a2200457 a 4500 |
| 001 |
nkc20071714056 |
| 003 |
CZ PrNK |
| 005 |
20230327115729.0 |
| 007 |
ta |
| 008 |
070510s2007 xr a e p 000 0 cze |
| 015 |
|
|
|a cnb001714056
|
| 020 |
|
|
|a 978-80-210-4247-6
|q (brož.)
|
| 035 |
|
|
|a (OCoLC)186970221
|
| 040 |
|
|
|a ABA001
|b cze
|
| 072 |
|
7 |
|a 7.01/.09
|x Umění
|2 Konspekt
|9 21
|
| 072 |
|
7 |
|a 37.016
|x Učební osnovy. Vyučovací předměty. Učebnice
|2 Konspekt
|9 22
|
| 080 |
|
|
|a 7.072.2
|2 MRF
|
| 080 |
|
|
|a (075.8)
|2 MRF
|
| 100 |
1 |
|
|a Kroupa, Jiří,
|d 1951-
|7 jn20000401499
|4 aut
|
| 245 |
1 |
0 |
|a Školy dějin umění :
|b metodologie dějin umění 1 /
|c Jiří Kroupa
|
| 246 |
3 |
0 |
|a Metodologie dějin umění 1
|
| 250 |
|
|
|a 2., přeprac. vyd.
|
| 260 |
|
|
|a Brno :
|b Masarykova univerzita,
|c 2007
|
| 300 |
|
|
|a 253 s. :
|b il. ;
|c 30 cm
|
| 500 |
|
|
|a Pod názvem: Masarykova univerzita, Fakulta filozofická
|
| 500 |
|
|
|a 700 výt.
|
| 504 |
|
|
|a Obsahuje bibliografii a bibliografické odkazy
|
| 650 |
0 |
7 |
|a historiografie umění
|7 ph135272
|2 czenas
|
| 650 |
0 |
9 |
|a art historiography
|2 eczenas
|
| 655 |
|
7 |
|a učebnice vysokých škol
|7 fd133772
|2 czenas
|
| 655 |
|
9 |
|a textbooks (higher)
|2 eczenas
|
| 710 |
2 |
|
|a Masarykova univerzita.
|b Filozofická fakulta
|7 kn20010709276
|
| 856 |
4 |
1 |
|u https://www.digitalniknihovna.cz/mzk/uuid/uuid:91ad1260-682b-11e6-96d6-005056827e51
|y Digitalizovaný dokument
|x NDK
|
| 910 |
2 |
|
|a BOA001
|b 4-1186.830,1
|
| 990 |
|
|
|a BK
|
| 995 |
|
|
|a 01
|
| 991 |
|
|
|b 200705
|c NOV
|
| 996 |
6 |
|
|b 2610311922
|c 4-1186.830,1
|l MZK
|r Sklad / do 1 hodiny
|n 13
|p p.v.
|w 000851795
|u 000010
|a 1
|e BOA001
|j MZK50
|s P
|
| 996 |
7 |
|
|b 2610311923
|c 4-1186.830,1
|l Vol.výběr
|r VV 1p
|n 56
|p p.v.
|h 7 KRO
|w 000851795
|u 000020
|a 0
|e BOA001
|j MZK50
|s A
|
| 996 |
7 |
|
|b 2610313340
|c 4-1186.830,1
|l Vol.výběr
|r VV 1p
|n 62
|p kup
|h 7 KRO
|w 000851795
|u 000030
|a 0
|e BOA001
|j MZK50
|s A
|
| 996 |
7 |
|
|b 2610313341
|c 4-1186.830,1
|l Vol.výběr
|r VV 1p
|n 60
|p kup
|h 7 KRO
|w 000851795
|u 000040
|a 0
|e BOA001
|j MZK50
|s A
|